Fasalo mein Keet Vyadhi evam Keetnashi Prabandhan (Record no. 52435)

MARC details
000 -LEADER
fixed length control field 00719nam a22002297a 4500
003 - CONTROL NUMBER IDENTIFIER
control field OSt
008 - FIXED-LENGTH DATA ELEMENTS--GENERAL INFORMATION
fixed length control field 260629b |||||||| |||| 00| 0 eng d
020 ## - INTERNATIONAL STANDARD BOOK NUMBER
International Standard Book Number 9789391734596
082 ## - DEWEY DECIMAL CLASSIFICATION NUMBER
Classification number 632.9517
Item number T83P
100 ## - MAIN ENTRY--PERSONAL NAME
Personal name Tripathi, Ashish Kumar
245 ## - TITLE STATEMENT
Title Fasalo mein Keet Vyadhi evam Keetnashi Prabandhan
Statement of responsibility, etc. Tripathi, Ashish Kumar
260 ## - PUBLICATION, DISTRIBUTION, ETC. (IMPRINT)
Place of publication, distribution, etc New Delhi
Name of publisher, distributor, etc Today Tomorrows Printers and Publishers
Date of publication, distribution, etc 2022
300 ## - PHYSICAL DESCRIPTION
Extent 153p.
650 ## - SUBJECT ADDED ENTRY--TOPICAL TERM
Topical term or geographic name as entry element Crops $x Diseases and pests.
650 ## - SUBJECT ADDED ENTRY--TOPICAL TERM
Topical term or geographic name as entry element Plant diseases.
650 ## - SUBJECT ADDED ENTRY--TOPICAL TERM
Topical term or geographic name as entry element Agricultural pests.
650 ## - SUBJECT ADDED ENTRY--TOPICAL TERM
Topical term or geographic name as entry element Pest shortages $x Management.
650 ## - SUBJECT ADDED ENTRY--TOPICAL TERM
Topical term or geographic name as entry element Integrated pest management.
650 ## - SUBJECT ADDED ENTRY--TOPICAL TERM
Topical term or geographic name as entry element Pesticides $x Application.
700 ## - ADDED ENTRY--PERSONAL NAME
Personal name Singh, Anil Kumar
942 ## - ADDED ENTRY ELEMENTS (KOHA)
Source of classification or shelving scheme
Koha item type Books
Holdings
Withdrawn status Lost status Source of classification or shelving scheme Damaged status Not for loan Home library Current library Shelving location Date acquired Source of acquisition Currency Cost, normal purchase price Total Checkouts Full call number Barcode Date last seen Bill Date Koha item type Public note Bill Number
          Dr. Rajendra Prasad Central Agricultural University Pusa, Dr. Rajendra Prasad Central Agricultural University Pusa, General Stacks 29/06/2026 TTPP, New Delhi INR 995.00   632.9517 T83P 87701 29/06/2026 29/01/2026 Books Hindi Medium book IN-00449
Hosted, Implemented, Customized & Maintained by: BestBookBuddies

Powered by Koha